Consideraciones clínicas en el tratamiento quirúrgico periodontal / (Registro nro. 25662)
[ vista simple ]
| 000 -LEADER | |
|---|---|
| fixed length control field | 01487cam a2200349 i 4500 |
| 001 - CONTROL NUMBER | |
| control field | 25662 |
| 003 - CONTROL NUMBER IDENTIFIER | |
| control field | Mx-PuUPA |
| 005 - DATE AND TIME OF LATEST TRANSACTION | |
| control field | 20260212104457.0 |
| 008 - FIXED-LENGTH DATA ELEMENTS--GENERAL INFORMATION | |
| fixed length control field | 140415s2014 ve ao gr 000 0 spa d |
| 020 ## - INTERNATIONAL STANDARD BOOK NUMBER | |
| International Standard Book Number | 9789588816692 |
| Qualifying information | pasta dura |
| 040 ## - CATALOGING SOURCE | |
| Transcribing agency | Mx-PuUPA |
| Original cataloging agency | Mx-PuUPA |
| Language of cataloging | spa |
| Modifying agency | Mx-PuUPA |
| Description conventions | rda |
| 041 0# - LANGUAGE CODE | |
| Language code of text/sound track or separate title | spa |
| 245 00 - TITLE STATEMENT | |
| Title | Consideraciones clínicas en el tratamiento quirúrgico periodontal / |
| Statement of responsibility, etc. | Sixto Grados Pomarino, Yuri Castro Rodríguez, Francis Bravo Castagnola |
| 250 ## - EDITION STATEMENT | |
| Edition statement | Edición año 2014 |
| 264 #1 - PRODUCTION, PUBLICATION, DISTRIBUTION, MANUFACTURE, AND COPYRIGHT NOTICE | |
| Place of production, publication, distribution, manufacture | Caracas, Venezuela : |
| Name of producer, publisher, distributor, manufacturer | AMOLCA, Actualidades Médicas, |
| Date of production, publication, distribution, manufacture, or copyright notice | ©2014 |
| 300 ## - PHYSICAL DESCRIPTION | |
| Extent | xv, páginas : |
| Other physical details | ilustraciones, fotografías ; |
| Dimensions | 29 cm |
| 336 ## - CONTENT TYPE | |
| Fuente | rdacontent |
| Content type term | texto |
| Content type code | txt |
| 336 ## - CONTENT TYPE | |
| Fuente | rdacontent |
| Content type term | imagen fija |
| Content type code | sti |
| 337 ## - MEDIA TYPE | |
| Source | rdamedia |
| Media type term | sin medio |
| Media type code | n |
| 338 ## - CARRIER TYPE | |
| Source | rdacarrier |
| Carrier type term | volumen |
| Carrier type code | nc |
| 650 #7 - SUBJECT ADDED ENTRY--TOPICAL TERM | |
| Source of heading or term | armarc |
| Topical term or geographic name entry element | Enfermedades periodontales |
| General subdivision | Tratamiento |
| 650 #7 - SUBJECT ADDED ENTRY--TOPICAL TERM | |
| Source of heading or term | armarc |
| Topical term or geographic name entry element | Periodoncia |
| General subdivision | Tratamiento quirúrgico |
| 650 #7 - SUBJECT ADDED ENTRY--TOPICAL TERM | |
| Source of heading or term | armarc |
| Topical term or geographic name entry element | Periodentitis |
| 700 1# - ADDED ENTRY--PERSONAL NAME | |
| Personal name | Grados Pomarino, Sixto, |
| Relator term | editor |
| 9 (RLIN) | 17826 |
| 700 1# - ADDED ENTRY--PERSONAL NAME | |
| Personal name | Castro Rodríguez, Yuri, |
| Relator term | editor |
| 700 1# - ADDED ENTRY--PERSONAL NAME | |
| Personal name | Bravo Castagnola, Francis, |
| Relator term | editor |
| 942 ## - ADDED ENTRY ELEMENTS (KOHA) | |
| Source of classification or shelving scheme | Dewey Decimal Classification |
| Koha item type | Libro |
| Classification part | 617.632 |
| Item part | C74 |
| Withdrawn status | Lost status | Source of classification or shelving scheme | Damaged status | Not for loan | Collection code | Home library | Current library | Shelving location | Date acquired | Source of acquisition | Cost, normal purchase price | Total Checkouts | Full call number | Barcode | Date last seen | Cost, replacement price | Price effective from | Koha item type |
|---|---|---|---|---|---|---|---|---|---|---|---|---|---|---|---|---|---|---|
| Dewey Decimal Classification | General | Biblioteca Karol Wojtyla | Biblioteca Karol Wojtyla | Sala general | 06/01/2026 | 11 | 2673.68 | 617.632 C74 2014 | 106263 | 17/02/2026 | 2673.68 | 06/01/2026 | Reserva permanente |